Lịch sử địa phương Dùng cho đào tạo Giáo viên Tiểu học trình độ đại học, bồi dưỡng giáo viên và cán bộ quản lí giáo dục

Trình bày khái luận về lịch sử địa phương. Phương pháp nghiên cứu và biên soạn lịch sử địa phương. Phương pháp xây dựng bài giảng; phương pháp giảng dạy bài nội khoá và hoạt động ngoại khoá. Biên soạn lịch sử nhà trường, xây dựng phòng truyền thống nhà trường...

Fuld beskrivelse

Đã lưu trong:
Bibliografiske detaljer
Hovedforfatter: Thái Quang Trung (chủ biên)
Format: Bog
Sprog:Vietnamese
Udgivet: H. Giáo dục 2007
Fag:
Tags: Tilføj Tag
Ingen Tags, Vær først til at tagge denne postø!
Thư viện lưu trữ: Mạng thư viện Đại học Đà Nẵng
LEADER 01621aam a22003498a 4500
001 000015377
003 11757
005 20120528090529.0
008 120528s2007 viesd
020 |c 0đ  |d 1000b 
041 0 |a vie 
082 1 4 |2 14  |a 959.7  |b Lic 
100 1 |a Thái Quang Trung  |e chủ biên 
245 1 0 |a Lịch sử địa phương  |b Dùng cho đào tạo Giáo viên Tiểu học trình độ đại học, bồi dưỡng giáo viên và cán bộ quản lí giáo dục  |c Thái Quang Trung (ch.b) 
260 |a H.  |b Giáo dục  |c 2007 
300 |a 143tr.  |c 29cm 
520 |a Trình bày khái luận về lịch sử địa phương. Phương pháp nghiên cứu và biên soạn lịch sử địa phương. Phương pháp xây dựng bài giảng; phương pháp giảng dạy bài nội khoá và hoạt động ngoại khoá. Biên soạn lịch sử nhà trường, xây dựng phòng truyền thống nhà trường 
650 7 |2 Bộ TK TVQG  |a Lịch sử 
650 7 |2 Bộ TK TVQG  |a Địa phương 
650 7 |2 Bộ TK TVQG  |a Phương pháp giảng dạy 
650 7 |2 Bộ TK TVQG  |a Tiểu học 
655 7 |2 Bộ TK TVQG  |a Giáo trình 
OWN |a LSP 
AVA |a UDN50  |b LSP  |d 959.7 Lic  |e available  |t Error 5001 Not defined in file expand_doc_bib_avail.  |f 2  |g 0  |h N  |i 0  |k 1 
999 |a From the UDN01 
AVA |a UDN50  |b LSP  |d 959.7 Lic  |e available  |t Error 5001 Not defined in file expand_doc_bib_avail.  |f 2  |g 0  |h N  |i 0  |k 1 
TYP |a Monograph 
TYP |a Printed language 
980 |a Mạng thư viện Đại học Đà Nẵng